36 徳島県の市町村 人口順 - Statistics

General Stats
  • This quiz has been taken 3 times
  • The average score is 16 of 24
Answer Stats
順位 人口 市町村 % Correct
1 243,083 徳島市
100%
2 64,588 阿南市
100%
3 51,042 鳴門市
100%
4 35,482 吉野川市
100%
5 35,099 藍住町
100%
6 33,145 小松島市
67%
7 31,685 阿波市
67%
9 23,570 石井町
67%
10 23,224 北島町
67%
11 20,477 三好市
67%
13 12,551 東みよし町
67%
14 12,338 板野町
67%
15 10,586 上板町
67%
16 7,350 海陽町
67%
20 4,237 勝浦町
67%
21 4,123 神山町
67%
22 3,091 牟岐町
67%
23 1,851 佐那河内村
67%
24 1,185 上勝町
67%
8 25,350 美馬市
33%
12 13,824 松茂町
33%
17 6,396 つるぎ町
33%
18 6,249 那賀町
33%
19 5,338 美波町
33%
No matching quizzes found
Score Distribution
Percent of People with Each Score
Percentile by Number Answered
Your Score History
You have not taken this quiz